• 首页
  • 本馆介绍
  • 公告通知
  • 最新文献
  • 馆藏检索
  • 电子资源
  • 读者导购
  • 参考咨询
  • 我的图书馆
  • 登录
  • 详细信息显示
  • 放入我的书架
  • 预约/预借图书
  • 作者相关作品
  • 分类相关作品
  • 丛书相关作品
  • 出版社相关作品

书目信息

  • 表格格式
  • 工作单格式
  • 卡片格式
题名:
史记
    
 
作者: 司马迁 著
分册:  
出版信息: 长沙   岳麓书社  1988.10
页数: 1册(956,49页)
开本: 20cm
丛书名: 古典名著普及文库
单 册:
中图分类: K204.2
科图分类: 22.11
主题词: 古代史-中国--纪传体 , 中国-古代史--纪传体
电子资源:
ISBN: 7-80520-117-X
000 00803nam2 2200289 45
001 0189019409
005 20070729103050.01
010    @a7-80520-117-X@b精装@dCNY16.40
020    @aCN@b89019409
100    @a19910513d1988 m y0chiy0120 ea
101 0  @achi
102    @aCN@b430000
105    @ay z 000yd
200 10 @a史记@Ashi ji@f(汉)司马迁著@F( han ) si ma qian zhu
210    @a长沙@c岳麓书社@d1988.10@h1994
215    @a1册(956,49页)@d20cm
225 2  @a古典名著普及文库
410  0 @120010@a古典名著普及文库
540 1  @a史记@Ashi ji
605    @a《史记》-译文
606    @a古代史-中国@x纪传体
606    @a中国-古代史@x纪传体
690    @aK204.2@v1980
692    @a22.11@v1974
701  0 @a司马迁@Asi ma qian@4著
801  0 @aCN@bTSSF@c20070729
905    @a10447@dK204.2@e107
    
    史记/(汉)司马迁著.-长沙:岳麓书社,1988.10(1994)
    1册(956,49页);20cm.-(古典名著普及文库)
    
    
    ISBN 7-80520-117-X(精装):CNY16.40
    
●
相关链接 在E读中查询图书 在五车中查询图书 在当当中查询图书 在豆瓣中查询图书


正题名:史记     索取号:K204.2/107         预约/预借

序号 登录号 条形码 馆藏地/架位号 状态 备注
1 0784798   207847981   第二样本阅览室/ [索取号:K204.2/107] 在馆    
唐山师范学院图书馆 欢迎您!
大连网信软件有限公司© 版权所有